Febre catarral maligna em bovino leiteiro no Oeste Catarinense, Brasil (Registro n. 339878)
[ somente texto ]
| 000 -LÍDER | |
|---|---|
| fixed length control field | 03103nab a2200373 i 4500 |
| 003 - CÓDIGO MARC DA AGÊNCIA CATALOGADORA | |
| Campo de controle | BR-BrBNA |
| 005 - DATA E HORA DA ÚLTIMA ATUALIZAÇÃO | |
| Campo de controle | 20260121092929.0 |
| 008 - CAMPO DE TAMANHO FIXO | |
| fixed length control field | 260121b2024 bl.tr|pooa||| 00| 0 por | |
| 040 ## - FONTE DA CATALOGAÇÃO | |
| Agência catalogadora | BR-BrBNA |
| Idioma da catalogação | por |
| 072 ## - CATEGORIA AGRIS | |
| Código AGRIS | L73 |
| Código do objeto | 5214 |
| 072 ## - CATEGORIA AGRIS | |
| Código AGRIS | L70 |
| Código do objeto | 5240 |
| 072 ## - CATEGORIA AGRIS | |
| Código do objeto | Silveira, Simone |
| 100 ## - ENTRADA PRINCIPAL - NOME PESSOAL | |
| Nome pessoal | Molossi, Franciéli A. |
| 100 ## - ENTRADA PRINCIPAL - NOME PESSOAL | |
| Nome pessoal | Balzan, Cláudia |
| 100 ## - ENTRADA PRINCIPAL - NOME PESSOAL | |
| Nome pessoal | Maba, Maristela D. |
| 100 ## - ENTRADA PRINCIPAL - NOME PESSOAL | |
| Nome pessoal | Baumbach, Leticia F. |
| 100 ## - ENTRADA PRINCIPAL - NOME PESSOAL | |
| Nome pessoal | Chitolina, Maysa B. |
| 100 ## - ENTRADA PRINCIPAL - NOME PESSOAL | |
| Nome pessoal | Canal, Cláudio W. |
| 100 ## - ENTRADA PRINCIPAL - NOME PESSOAL | |
| Nome pessoal | Camillo, Giovana |
| 245 ## - TÍTULO PRINCIPAL | |
| Título principal | Febre catarral maligna em bovino leiteiro no Oeste Catarinense, Brasil |
| 500 ## - NOTA GERAL | |
| Nota geral | <br/><br/>Publicação online; 9 ref.; 2 illus.; Summaries (En, Pt) |
| 942 ## - ADDED ENTRY ELEMENTS (KOHA) | |
| Koha item type | Analítica |
| 520 ## - NOTA DE RESUMO | |
| Nota de conteúdo | <br/><br/><br/>Resumo – O presente artigo relata um caso de febre catarral maligna (FCM), causada pelo herpesvírus ovino tipo 2 (OvHV-2), ocorrida em um bovino em uma propriedade leiteira do Oeste Catarinense em 2023. O animal apresentou sinais clínicos típicos da doença e para o diagnóstico foi realizado histopatológico, reação em cadeia da polimerase (PCR) e sequenciamento de DNA. Esse artigo ressalta a importância dos rebanhos ovinos e bovinos serem mantidos separados a fim evitar a transmissão de patógenos entre essas duas espécies animais. Ademais, esse relato reforça a necessidade da realização de diagnóstico laboratorial para confirmação de suspeitas clínicas a fim de se obter um diagnóstico preciso e uma prevenção/controle assertivos das doenças infectocontagiosas que acometem bovinos. <br/><br/><br/>Termos para indexação: Herpesvírus ovino; Ovinos; Diagnóstico laboratorial; Biosseguridade |
| 520 ## - NOTA DE RESUMO | |
| Nota de conteúdo | <br/><br/><br/>Abstract – The present study reports a case of malignant catarrhal fever (MCF), caused by the ovine hespesvirus type 2 (OvHV-2), in a cattle on a dairy farm in western Santa Catarina in 2023. The animal presented typical clinical signs of the MCF, and for diagnosis, histopathological examination, polymerase chain reaction (PCR) technique and DNA sequencing were performed. This study highlights the importance of keeping ovine and bovine herds separated in order to prevent the transmission of pathogens between these two animal species. Furthermore, this report reinforces the need for laboratory diagnosis to confirm clinical suspicions in order to obtain accurate diagnosis and effective prevention/control of infectious diseases affecting cattle.<br/><br/><br/>Index terms: Ovine herpesvirus; Sheep; Laboratory diagnosis biosecurity |
| 650 ## - ASSUNTO - THESAGRO | |
| Cabeçalho tópico ou nome geográfico | GADO LEITEIRO |
| 650 ## - ASSUNTO - THESAGRO | |
| Cabeçalho tópico ou nome geográfico | DOENÇA ANIMAL |
| 650 ## - ASSUNTO - THESAGRO | |
| Cabeçalho tópico ou nome geográfico | FEBRE CATARRAL |
| 650 ## - ASSUNTO - THESAGRO | |
| Cabeçalho tópico ou nome geográfico | VÍRUS |
| 650 ## - ASSUNTO - THESAGRO | |
| Cabeçalho tópico ou nome geográfico | OVINO |
| 650 ## - ASSUNTO - THESAGRO | |
| Cabeçalho tópico ou nome geográfico | VETERINÁRIA |
| 773 0# - ENTRADA ANALÍTICA | |
| Host Biblionumber | 1813 |
| Registro do item | 359867 |
| Imprenta | Florianópolis-SC Empresa de Pesquisa Agropecuária e Extensão Rural de Santa Catarina 1988- |
| Outro identificador | 2026-0257 |
| Título | Agropecuária Catarinense (Brazil) |
| ISSN | 0103-0779 |
| Colação | v. 37(2) p. 29-31; (2024) |
| Número de controle de registro | BR2025005473 |
| 856 ## - ACESSO E ENDEREÇO ELETRÔNICO | |
| Identificador uniforme de recurso - URI | https://publicacoes.epagri.sc.gov.br/rac/article/view/1818/1712 |
Nenhum exemplar disponível.

BINAGRI